00626nam a22002052 450000100060000000300080000600500170001400800410003103500180007204000270009004100080011708200200012510000350014524500990018026000490027930000400032865000110036865000160037970000250039514367BD RJUL20211208235621.0140205s1965 enka 000 0 eng  aBD RJUL 14419 aDLCcCLEdBD RJULbeng aeng a621.9bLEF 19651 aLeeson, A. E.q(Albert Edward)10aFitting, small tool making, lathe work and screw cutting /cby A. E. Leeson and Peter Sampson. aLondon :bSir I. Pitman & sons, ltd.,c1965. a128 p. :billus., diagrs. ;c22 cm. 0aTools. 0aMetal-work.1 aSampson, P.q(Peter)